[Event "Landesliga Nord 1920"]
[Site "Bayern"]
[Date "2020.01.19"]
[Round "5.7"]
[White "Corral, Carlos"]
[Black "Lukas, Norbert"]
[Result "1/2-1/2"]
[WhiteElo "1901"]
[BlackElo "1933"]
[PlyCount "41"]
[EventDate "2019.09.29"]
[EventType "team-tourn"]
[EventRounds "9"]
[EventCountry "GER"]
[SourceTitle "EXT 2021"]
[Source "ChessBase"]
[SourceDate "2020.10.23"]
[SourceVersion "1"]
[SourceVersionDate "2020.10.23"]
[SourceQuality "1"]
[WhiteTeam "Nuernberg NT II"]
[BlackTeam "Schweinfurt"]
[WhiteTeamCountry "GER"]
[BlackTeamCountry "GER"]

1. Nc3 e5 2. e4 Nf6 3. Nf3 Nc6 4. d4 exd4 5. Nxd4 Bb4 6. Nxc6 bxc6 7. Bd3 d5 8. exd5 cxd5 9. 0-0 0-0 10. Bg5 c6 11. Qf3 Be7 12. Rfe1 Be6 13. Na4 Qa5 14. b3 h6 15. Bf4 c5 16. c4 Rfe8 17. Rec1 d4 18. h3 Bd7 19. Nb2 Qb6 20. Re1 Bd6 21. Bd2 1/2-1/2

[Event "Mittelfranken Mitte-ch"]
[Site "Nuremberg"]
[Date "2020.01.06"]
[Round "6.5"]
[White "Corral, Carlos"]
[Black "Bildt, Thomas"]
[Result "1/2-1/2"]
[WhiteElo "2015"]
[BlackElo "1998"]
[PlyCount "151"]
[EventDate "2020.01.03"]
[EventType "swiss"]
[EventRounds "7"]
[EventCountry "GER"]
[SourceTitle "EXT 2023"]
[Source "ChessBase"]
[SourceDate "2022.10.05"]
[SourceVersion "1"]
[SourceVersionDate "2022.10.05"]
[SourceQuality "1"]

1. e4 e5 2. Nf3 Nc6 3. Nc3 Nf6 4. d4 exd4 5. Nxd4 Bb4 6. Nxc6 bxc6 7. Bd3 d5 8. exd5 Qe7+ 9. Qe2 Qxe2+ 10. Bxe2 Nxd5 11. Bd2 Nxc3 12. Bxc3 Bxc3+ 13. bxc3 Be6 14. Bf3 Bd5 15. Bxd5 cxd5 16. 0-0-0 0-0-0 17. Rhe1 Rd7 18. c4 d4 19. Re4 Rhd8 20. Kd2 Rd6 21. Re7 R8d7 22. Rde1 Rf6 23. Re8+ Rd8 24. R8e2 Ra6 25. Re7 Rxa2 26. Kd3 Ra3+ 27. Kd2 d3 28. Rxf7 Ra2 29. Rc1 dxc2+ 30. Kc3 Rd7 31. Rf8+ Kb7 32. Rxc2 Rxc2+ 33. Kxc2 Rd4 34. Kc3 Rg4 35. g3 Rg6 36. Rf7 a5 37. f4 h6 38. f5 Rf6 39. Rxg7 Rxf5 40. h4 Rf3+ 41. Kb2 Kb6 42. g4 c6 43. g5 Rf4 44. gxh6 Rxc4 45. h5 Rc5 46. h7 Rxh5 47. Kc3 Ka6 48. Kb3 Rh4 49. Rf7 Kb6 50. Rg7 Kb5 51. Rb7+ Kc5 52. Ra7 Kb6 53. Rg7 a4+ 54. Ka3 Kb5 55. Rb7+ Kc5 56. Rg7 Kd5 57. Rg5+ Kd6 58. Rg6+ Kc7 59. Rg7+ Kb6 60. Rf7 c5 61. Rf4 Rxh7 62. Kxa4 Kc6 63. Kb3 Rh3+ 64. Kc4 Rh6 65. Rg4 Kd6 66. Rf4 Rh1 67. Rg4 Rc1+ 68. Kd3 Kd5 69. Rg5+ Kc6 70. Kd2 Rh1 71. Rg3 Kb5 72. Kc2 Kb4 73. Kb2 Rh2+ 74. Kc1 c4 75. Rf3 c3 76. Rf8 1/2-1/2

[Event "Mittelfranken Mitte-ch"]
[Site "Nuremberg"]
[Date "2020.01.06"]
[Round "7.6"]
[White "Erlbeck, Peter"]
[Black "Corral, Carlos"]
[Result "1-0"]
[WhiteElo "2056"]
[BlackElo "2015"]
[PlyCount "48"]
[EventDate "2020.01.03"]
[EventType "swiss"]
[EventRounds "7"]
[EventCountry "GER"]
[SourceTitle "EXT 2023"]
[Source "ChessBase"]
[SourceDate "2022.10.05"]
[SourceVersion "1"]
[SourceVersionDate "2022.10.05"]
[SourceQuality "1"]

1. e4 c5 2. Nc3 Nc6 3. f4 g6 4. Nf3 Bg7 5. Bc4 e6 6. f5 Nge7 7. fxe6 dxe6 8. d3 0-0 9. 0-0 Nd4 10. Nxd4 cxd4 11. Ne2 b6 12. Qe1 Nc6 13. Bd2 Bb7 14. Qg3 Rc8 15. Bg5 Qc7 16. Qh4 Na5 17. Be7 Rfe8 18. Rxf7 Kxf7 19. Rf1+ Kg8 20. Bxe6+ Kh8 21. Nf4 h6 22. Nxg6+ Kh7 23. Rf7 Rxe7 24. Nxe7 Kh8 1-0

[Event "Nuremberg op"]
[Site "Nuremberg"]
[Date "2019.11.17"]
[Round "5"]
[White "Varkentin, Wilhelm"]
[Black "Corral, Carlos"]
[Result "0-1"]
[WhiteElo "1965"]
[BlackElo "1874"]
[PlyCount "72"]
[EventDate "2019.11.15"]
[EventType "swiss"]
[EventRounds "5"]
[EventCountry "GER"]
[SourceTitle "CBM 193 Extra"]
[Source "ChessBase"]
[SourceDate "2020.01.31"]
[SourceVersion "1"]
[SourceVersionDate "2020.01.31"]
[SourceQuality "1"]

1. c4 c5 2. Nf3 Nc6 3. Nc3 g6 4. g3 Bg7 5. Bg2 Nf6 6. 0-0 0-0 7. a3 d5 8. cxd5 Nxd5 9. Qc2 Nxc3 10. bxc3 Qd6 11. Rd1 Rd8 12. a4 b6 13. Ba3 Bf5 14. e4 Bg4 15. d4 Rac8 16. e5 Qc7 17. Qe4 Bf5 18. Qe3 cxd4 19. cxd4 Bg4 20. Rac1 Qd7 21. Bb2 Na5 22. Rxc8 Rxc8 23. Rc1 Nc4 24. Qb3 Be6 25. Qb4 a5 26. Qb3 Bd5 27. Bf1 Nxb2 28. Rxc8+ Qxc8 29. Qxd5 Nxa4 30. Ng5 e6 31. Qb5 Nc3 32. Qxb6 h6 33. Ba6 Nd5 34. Qxa5 Qc1+ 35. Kg2 Qxg5 36. f4 Nxf4+ 0-1

[Event "Mittelfranken-chTB2b 1819"]
[Site "Mittelfranken"]
[Date "2019.02.10"]
[Round "5.7"]
[White "Kreiner, Daniel"]
[Black "Corral, Carlos"]
[Result "0-1"]
[WhiteElo "1427"]
[BlackElo "1889"]
[PlyCount "64"]
[EventDate "2018.10.14"]
[EventType "team-tourn"]
[EventRounds "9"]
[EventCountry "GER"]
[SourceTitle "EXT 2022"]
[Source "ChessBase"]
[SourceDate "2021.10.06"]
[SourceVersion "1"]
[SourceVersionDate "2021.10.06"]
[SourceQuality "1"]
[WhiteTeam "Grossenseebach"]
[BlackTeam "Nuernberg Noris Tarrasch IV"]
[WhiteTeamCountry "GER"]
[BlackTeamCountry "GER"]

1. e4 c5 2. c3 e5 3. Nf3 Nc6 4. d4 exd4 5. cxd4 cxd4 6. Nxd4 Nf6 7. Nc3 Bb4 8. Qd3 0-0 9. f3 d5 10. Qb5 Nxd4 11. Qd3 dxe4 12. fxe4 Re8 13. Kd1 Bxc3 14. bxc3 Bg4+ 15. Ke1 Rxe4+ 16. Kf2 Ne6 17. Qxd8+ Rxd8 18. Be3 b6 19. h3 Bh5 20. g4 Bg6 21. Bg2 Rc4 22. Rac1 Be4 23. Bxe4 Nxe4+ 24. Kf3 N4g5+ 25. Ke2 Nf4+ 26. Bxf4 Rxf4 27. Rcd1 Rxd1 28. Rxd1 h6 29. Rd8+ Kh7 30. Ra8 Ra4 31. Kf2 Nxh3+ 32. Kg3 Ng5 0-1

[Event "Mittelfranken-chTB2b 1819"]
[Site "Mittelfranken"]
[Date "2019.01.27"]
[Round "4.6"]
[White "Golziow, Manfred"]
[Black "Corral, Carlos"]
[Result "0-1"]
[WhiteElo "1763"]
[BlackElo "1889"]
[PlyCount "78"]
[EventDate "2018.10.14"]
[EventType "team-tourn"]
[EventRounds "9"]
[EventCountry "GER"]
[SourceTitle "EXT 2022"]
[Source "ChessBase"]
[SourceDate "2021.10.06"]
[SourceVersion "1"]
[SourceVersionDate "2021.10.06"]
[SourceQuality "1"]
[WhiteTeam "Nuernberg Anderssen"]
[BlackTeam "Nuernberg Noris Tarrasch IV"]
[WhiteTeamCountry "GER"]
[BlackTeamCountry "GER"]

1. d4 c5 2. e3 Nf6 3. Nf3 d5 4. c3 Nc6 5. Bd3 Qb6 6. dxc5 Qxc5 7. b3 Bg4 8. Bb2 e5 9. Be2 a5 10. Ba3 Qb6 11. Bxf8 Kxf8 12. h3 Bf5 13. a4 g6 14. Na3 Kg7 15. Nb5 Rhd8 16. g4 Be4 17. 0-0 Bxf3 18. Bxf3 h6 19. Qc2 Rac8 20. Qb2 Na7 21. Be2 Nxb5 22. Bxb5 h5 23. Be2 hxg4 24. hxg4 Rh8 25. Kg2 Qc6 26. Kg3 Ne4+ 27. Kg2 Qf6 28. c4 d4 29. exd4 Qh4 30. Kf3 Nf6 31. Rg1 exd4 32. Qxd4 Rcd8 33. Qf4 g5 34. Qf5 Qh3+ 35. Rg3 Qh4 36. Rag1 Rd4 37. Bf1 Rf4+ 38. Qxf4 gxf4 39. Kxf4 Nh5+ 0-1

[Event "Mittelfranken-chTB2b 1718"]
[Site "Mittelfranken"]
[Date "2018.04.08"]
[Round "7.3"]
[White "Corral, Carlos"]
[Black "Rink, Florian"]
[Result "1-0"]
[WhiteElo "1908"]
[BlackElo "1864"]
[PlyCount "105"]
[EventDate "2017.10.08"]
[EventType "team-tourn"]
[EventRounds "9"]
[EventCountry "GER"]
[SourceTitle "EXT 2022"]
[Source "ChessBase"]
[SourceDate "2021.10.06"]
[SourceVersion "1"]
[SourceVersionDate "2021.10.06"]
[SourceQuality "1"]
[WhiteTeam "Nuernberg Noris Tarrasch IV"]
[BlackTeam "Uttenreuth"]
[WhiteTeamCountry "GER"]
[BlackTeamCountry "GER"]

1. Nc3 Nf6 2. e4 d5 3. e5 Nfd7 4. Nxd5 Nxe5 5. Ne3 Nbc6 6. b3 Qd4 7. Rb1 Bg4 8. f3 Bd7 9. Bb2 Qh4+ 10. g3 Qh6 11. f4 Ng6 12. Bg2 Nxf4 13. gxf4 Qh4+ 14. Kf1 0-0-0 15. Qf3 e5 16. Bxe5 f6 17. Bc3 Bd6 18. b4 Qxf4 19. b5 Qxf3+ 20. Nxf3 Ne5 21. Nxe5 fxe5 22. Ke2 Rhf8 23. Bb4 Bxb5+ 24. c4 Bc6 25. Bxd6 Rxd6 26. Bxc6 Rxc6 27. Rhf1 Rf4 28. d3 g5 29. Nd5 Rxf1 30. Kxf1 Rd6 31. Rd1 c6 32. Nc3 Rg6 33. Re1 Rd6 34. Re3 h6 35. Ke2 Re6 36. d4 Kd7 37. dxe5 b5 38. cxb5 cxb5 39. Nxb5 Ra6 40. e6+ Ke7 41. a3 Rb6 42. Nxa7 Rb2+ 43. Kf3 Rxh2 44. Nc6+ Ke8 45. Ke4 Rc2 46. Nd4 Rc5 47. Rh3 Ra5 48. Rxh6 Rxa3 49. Rg6 Ra5 50. Nf5 Kf8 51. e7+ Kf7 52. Rg7+ Kf6 53. e8Q 1-0

[Event "Mittelfranken-chT2b 1617"]
[Site "Mittelfranken"]
[Date "2017.03.26"]
[Round "8.1"]
[White "Corral, Carlos"]
[Black "Beesk, Kevin"]
[Result "1/2-1/2"]
[WhiteElo "1908"]
[BlackElo "2007"]
[PlyCount "70"]
[EventDate "2016.10.23"]
[EventType "team-tourn"]
[EventRounds "9"]
[EventCountry "GER"]
[SourceTitle "EXT 2022"]
[Source "ChessBase"]
[SourceDate "2021.10.06"]
[SourceVersion "1"]
[SourceVersionDate "2021.10.06"]
[SourceQuality "1"]
[WhiteTeam "Nuernberg Noris Tarrasch IV"]
[BlackTeam "Neumarkt"]
[WhiteTeamCountry "GER"]
[BlackTeamCountry "GER"]

1. e4 c5 2. Nf3 e6 3. d4 cxd4 4. Nxd4 Nc6 5. Nxc6 bxc6 6. Bd3 Nf6 7. 0-0 d5 8. e5 Nd7 9. f4 Ba6 10. Kh1 Bxd3 11. Qxd3 Qb6 12. Nd2 Be7 13. Nf3 Nc5 14. Qe2 Ne4 15. Nd2 Nxd2 16. Qxd2 0-0 17. f5 exf5 18. Rxf5 Qb4 19. Qe2 Rae8 20. c3 Qb6 21. Be3 Bc5 22. Bxc5 Qxc5 23. Raf1 Re6 24. Qf3 Qe7 25. Qf4 f6 26. exf6 Rexf6 27. Rxf6 Rxf6 28. Qb8+ Kf7 29. Rxf6+ gxf6 30. h3 Qe1+ 31. Kh2 Qe5+ 32. Qxe5 fxe5 33. Kg3 Kf6 34. b4 Kf5 35. Kf3 Kg5 1/2-1/2

[Event "Landesliga Nord 1516"]
[Site "Bayern"]
[Date "2015.11.15"]
[Round "3.7"]
[White "Corral, Carlos"]
[Black "Sott, Pavel"]
[Result "1/2-1/2"]
[WhiteElo "1922"]
[BlackElo "2137"]
[PlyCount "27"]
[EventDate "2015.10.11"]
[EventType "team-tourn"]
[EventRounds "9"]
[EventCountry "GER"]
[SourceTitle "EXT 2018"]
[Source "ChessBase"]
[SourceDate "2017.10.13"]
[SourceVersion "1"]
[SourceVersionDate "2017.10.13"]
[SourceQuality "1"]
[WhiteTeam "Nuernberg NT II"]
[BlackTeam "Bad Koetzting"]
[WhiteTeamCountry "GER"]
[BlackTeamCountry "GER"]

1. e4 c5 2. Nf3 Nc6 3. Nc3 g6 4. d4 cxd4 5. Nxd4 Bg7 6. Be3 Nf6 7. Be2 0-0 8. 0-0 d5 9. exd5 Nxd5 10. Nxd5 Qxd5 11. Bf3 Qd7 12. Nxc6 bxc6 13. Qxd7 Bxd7 14. Rad1 1/2-1/2

[Event "Mittelfranken-chTB2a 1415"]
[Site "Mittelfranken"]
[Date "2015.03.22"]
[Round "8.1"]
[White "Corral, Carlos"]
[Black "Johanni, Harald"]
[Result "0-1"]
[WhiteElo "1922"]
[BlackElo "1850"]
[PlyCount "116"]
[EventDate "2014.09.28"]
[EventType "team-tourn"]
[EventRounds "9"]
[EventCountry "GER"]
[SourceTitle "EXT 2020"]
[Source "ChessBase"]
[SourceDate "2019.10.17"]
[SourceVersion "1"]
[SourceVersionDate "2019.10.17"]
[SourceQuality "1"]
[WhiteTeam "Nuernberg NT V"]
[BlackTeam "Anderssen/78 Nuernberg"]
[WhiteTeamCountry "GER"]
[BlackTeamCountry "GER"]

1. e4 c5 2. Nf3 Nc6 3. d4 cxd4 4. Nxd4 g6 5. Nc3 Bg7 6. Be3 Nf6 7. Nxc6 bxc6 8. e5 Nd5 9. Nxd5 cxd5 10. Qxd5 Rb8 11. Bc4 0-0 12. 0-0 Qc7 13. Qc5 Qxe5 14. Qxe5 Bxe5 15. Bxa7 Rb4 16. Bb3 Bxb2 17. Rab1 Bc3 18. Rfd1 Re4 19. Rd3 Bf6 20. f3 Re2 21. Kf1 Re5 22. Kf2 Rh5 23. h3 d6 24. Bd4 Bxd4+ 25. Rxd4 Rc5 26. Ke3 Be6 27. Kd2 Rfc8 28. Rb2 R8c7 29. Rb4 d5 30. Rb6 Bd7 31. f4 h5 32. Rb1 Bf5 33. Rc1 h4 34. c3 Be4 35. Rb4 Kg7 36. Rxe4 dxe4 37. c4 f5 38. Ke3 Rd7 39. Rc3 Kf6 40. Ba4 Rd8 41. Bb5 e5 42. fxe5+ Kxe5 43. a4 f4+ 44. Ke2 e3 45. Rc2 Ke4 46. a5 Rg5 47. Bc6+ Kd4 48. a6 Ra5 49. Bb7 Kc5 50. Kf3 g5 51. Kg4 Rd2 52. Rc1 e2 53. Re1 Kxc4 54. Bf3 Kd3 55. a7 Rxa7 56. Kxg5 Ke3 57. Kxh4 Rg7 58. Ra1 Rg3 0-1

[Event "Sant Adria de Besos op 10th"]
[Site "Sant Adria de Besos"]
[Date "2014.05.25"]
[Round "4"]
[White "Corral, Carlos"]
[Black "Cobo Sampron, Ramon"]
[Result "1-0"]
[WhiteElo "1736"]
[BlackElo "1633"]
[PlyCount "53"]
[EventDate "2014.05.04"]
[EventType "swiss"]
[EventRounds "8"]
[EventCountry "ESP"]
[SourceTitle "EXT 2015"]
[Source "ChessBase"]
[SourceDate "2014.11.20"]
[SourceVersion "1"]
[SourceVersionDate "2014.11.20"]
[SourceQuality "1"]

1. e4 e6 2. b3 b6 3. Bb2 Bb7 4. f3 Nf6 5. Nc3 Bc5 6. d4 Be7 7. Bd3 d6 8. Nge2 0-0 9. Qd2 Nc6 10. a3 a5 11. Nb5 Na7 12. Nxa7 Rxa7 13. Qe3 c5 14. 0-0 Qc7 15. Kh1 Ba6 16. c4 e5 17. d5 Nh5 18. g4 Bf6 19. gxh5 Bc8 20. Rg1 Qd7 21. f4 exf4 22. Bxf6 g6 23. Qxf4 Qh3 24. Ng3 Qg4 25. Qe3 Re8 26. Raf1 gxh5 27. Nxh5 1-0

[Event "Mittelfranken-chTB2a 1213"]
[Site "Germany"]
[Date "2013.03.10"]
[Round "8.4"]
[White "Corral, Carlos"]
[Black "Boellmann, Dierk"]
[Result "1-0"]
[WhiteElo "1989"]
[BlackElo "1566"]
[PlyCount "78"]
[EventDate "2012.10.07"]
[EventType "team-tourn"]
[EventRounds "9"]
[EventCountry "GER"]
[SourceTitle "EXT 2019"]
[Source "ChessBase"]
[SourceDate "2018.10.10"]
[SourceVersion "1"]
[SourceVersionDate "2018.10.10"]
[SourceQuality "1"]
[WhiteTeam "Nuernberg NT V"]
[BlackTeam "Bad Windsheim"]
[WhiteTeamCountry "GER"]
[BlackTeamCountry "GER"]

1. e4 c6 2. Nc3 d5 3. Nf3 h6 4. exd5 cxd5 5. Ne5 Qd6 6. d4 a6 7. Qf3 Nf6 8. Bf4 Qd8 9. Bd3 Nc6 10. Nxc6 bxc6 11. 0-0 e6 12. Na4 a5 13. Qe2 Bd6 14. Bxd6 Qxd6 15. Nc5 0-0 16. f4 Nd7 17. Nxd7 Bxd7 18. Rae1 Rfe8 19. c3 c5 20. Qf2 c4 21. Bb1 f5 22. Qh4 Qf8 23. Kh1 Qf6 24. Qh3 Re7 25. Re5 Rb8 26. Rf2 a4 27. a3 Be8 28. Qe3 g6 29. Re2 Kf7 30. Qh3 Bc6 31. g3 h5 32. Qg2 Rb6 33. h3 Re8 34. Qf3 Bd7 35. Rg2 Reb8 36. Ree2 Kg7 37. g4 hxg4 38. hxg4 Rh8+ 39. Rh2 Rbb8 1-0

[Event "Mittelfranken-chTB2a 1213"]
[Site "Germany"]
[Date "2012.12.16"]
[Round "5.4"]
[White "Hannweber, Markus"]
[Black "Corral, Carlos"]
[Result "1/2-1/2"]
[WhiteElo "2029"]
[BlackElo "1989"]
[PlyCount "34"]
[EventDate "2012.10.07"]
[EventType "team-tourn"]
[EventRounds "9"]
[EventCountry "GER"]
[SourceTitle "EXT 2019"]
[Source "ChessBase"]
[SourceDate "2018.10.10"]
[SourceVersion "1"]
[SourceVersionDate "2018.10.10"]
[SourceQuality "1"]
[WhiteTeam "Nuernberg SK 1911 II"]
[BlackTeam "Nuernberg NT V"]
[WhiteTeamCountry "GER"]
[BlackTeamCountry "GER"]

1. e4 c5 2. Nf3 Nc6 3. d4 cxd4 4. Nxd4 g6 5. c4 Bg7 6. Be3 Nf6 7. Nc3 Ng4 8. Qxg4 Nxd4 9. Qd1 Ne6 10. Rc1 Qa5 11. Bd2 Qe5 12. Bd3 b6 13. 0-0 Bb7 14. Qf3 h5 15. b3 h4 16. h3 Nd4 17. Qe3 Ne6 1/2-1/2